000 03517nam a22003137i 4500
001 TCPA 29
003 gtcocun
005 20250912220505.0
006 a||||gr|||| 00| 0
008 250912b2016 gt ||||| m||| 00| 0 eng d
040 _agtcocun
_bSPA
_cgtcocun
_eRDA
041 _aSPA
084 _0TCPA 29
100 _aMacz Cajbón, Yanina Felisa
_eAutor
245 _aInforme final del Ejercicio Profesional Supervisado, realizado en Las Buganvilias, S.A., ubicado en Cobán, Alta Verapaz/
_cYanina Felisa Macz Cajbón
_hImpreso
264 _aCobán, Alta Verapaz:
_bUniversidad de San Carlos de Guatemala, Centro Universitario del Norte, Licenciatura en Contaduría Pública y Auditoría.
_c2016
300 _a51 p.:
_bIlustraciones, gráficas.
_c28 cm; PDF
336 _2rdacontenido
_aTexto
_btxt
337 _2rdamedio
_aComputadora
_bn
338 _2rdasoporte
_aCódigo en línea
_bcr
502 _e.
502 _aTesis de grado
_bLicenciatura en Contaduría Pública y Auditoría.
_cUniversidad de San Carlos de Guatemala, Centro Universitario del Norte, Licenciatura en Contaduría Pública y Auditoría.
_d2016
_oTCPA 29
520 1 4 _aEl presente informe detalla actividades que forman parte del ejercicio profesional supervisado, de la carrera de contaduría pública y auditoría del Centro Universitario del Norte de la Universidad de San Carlos de Guatemala, realizadas en la empresa las Buganvilias, S. A. El diagnóstico empresarial, permitió conocer las debilidades de la entidad en el ámbito de la preparación y presentación de su información financiera, así como de su control interno. Al haber efectuado una adecuada planeación de las actividades a desarrollar, para atender a los hallazgos, fue ejecutada una auditoria de estados financieros por los periodos correspondientes a los año 2013 y 2014, el cual permitió expresar una opinión sobre si las cuentas anuales expresan, en todos los aspectos significativos, la imagen fiel del patrimonio, de la situación financiera, de los resultados y los recursos obtenidos por la entidad. De igual forma se desarrollaron actividades que permitieron dar a conocer la realidad de la información contable y la trascendencia fiscal que representan los hallazgos significativos detectados en la auditoria de estados financiero, por lo que fue necesaria la reestructuración de la contabilidad por los periodos antes mencionados, así como la elaboración de un manual de políticas y procedimientos contables. La metodología utilizada se basó en la recopilación de información y su respectivo análisis, del cual se obtuvo como resultado la solución de los problemas planteados, fundamentado principalmente en las Normas Internacionales de Auditoria como herramienta básica en la práctica de la profesión y la legislación guatemalteca aplicable a la entidad. Como resultado de todo el proceso aplicado, se pudo determinar la importancia que representa la aplicación de procedimientos y controles que ayuden a establecer la veracidad de la información financiera puesto que es el factor primordial para la buena toma de decisiones en una entidad.
650 1 4 _2LEMB
_aCobán, Alta Verapaz
_xestados financieros
_xreestructuración
_xFODA
700 _aLic. Obdulio Ottoniel León Pacay
_eAsesor
856 _uhttps://drive.google.com/file/d/1QON7WT6fSitx88KZ4-DFmuXbDwi9zPKU/view?usp=sharing
_yPDF
_zUn ejemplar en línea.
942 _2ddc
_cTES
_iTCPA_29
_kClasificación
_n0
_6TCPA__29
999 _c1825
_d1825